The economics of firm productivity : (Record no. 31595)

000 -LEADER
fixed length control field 02695cam a22003618i 4500
001 - CONTROL NUMBER
control field 22411717
005 - DATE AND TIME OF LATEST TRANSACTION
control field 20230530155418.0
008 - FIXED-LENGTH DATA ELEMENTS--GENERAL INFORMATION
fixed length control field 220204s2022 nyu b 001 0 eng
010 ## - LIBRARY OF CONGRESS CONTROL NUMBER
LC control number 2021060130
020 ## - INTERNATIONAL STANDARD BOOK NUMBER
International Standard Book Number 9781108489232
020 ## - INTERNATIONAL STANDARD BOOK NUMBER
International Standard Book Number 9781108702164
020 ## - INTERNATIONAL STANDARD BOOK NUMBER
Canceled/invalid ISBN 9781108774277
040 ## - CATALOGING SOURCE
Original cataloging agency DLC
Language of cataloging eng
Description conventions rda
Transcribing agency DLC
042 ## - AUTHENTICATION CODE
Authentication code pcc
050 00 - LIBRARY OF CONGRESS CALL NUMBER
Classification number HD 56 .A4548 2022
082 00 - DEWEY DECIMAL CLASSIFICATION NUMBER
Classification number 338.4/5
Edition number 23/eng/20220204
084 ## - OTHER CLASSIFICATION NUMBER
Classification number BUS082000
Number source bisacsh
100 1# - MAIN ENTRY--PERSONAL NAME
Personal name Altomonte, Carlo,
Relator term author.
245 14 - TITLE STATEMENT
Title The economics of firm productivity :
Remainder of title concepts, tools and evidence /
Statement of responsibility, etc. Carlo Altomonte, Filippo di Mauro.
260 ## - PUBLICATION, DISTRIBUTION, ETC. (IMPRINT)
Place of publication, distribution, etc. New York, NY:
Name of publisher, distributor, etc. Cambridge University Press
Date of publication, distribution, etc. 2022.
300 ## - PHYSICAL DESCRIPTION
Extent xviii, 224 pages :
Other physical details illustrations, maps
504 ## - BIBLIOGRAPHY, ETC. NOTE
Bibliography, etc Includes bibliographical references and index.
520 ## - SUMMARY, ETC.
Summary, etc. "Productivity is an essential concept in almost every field related to Economics and Management. As Paul Krugman wrote in \The Age of Diminishing Expectations (1994)" \Productivity isn't everything, but in the long run it is almost everything. A country's ability to improve its standard of living over time depends almost entirely on its ability to raise its output per worker." As we slowly exit { at the time of this writing { the nightmare of the 2020 COVID- 19 pandemic, enhancing productivity is even more critical. The crisis has battered global economic activity in an unprecedented way. Entire sectors have been forced to cease trading, and unemployment has risen to record levels. Governments, central banks and international organisations have responded promptly and massively to the shock, sheltering firrms and employees from its impact. This will, however, inevitably further slow aggregate productivity, at least in the short run. Thus, the debate on how to raise productivity is again in the headlines, and that is the subject of this book. We believe that any useful insight must be based on detailed granular information compiled at the level of the firm. To that end we will draw from research and the dataset produced by CompNet1, a large European research initiative that the authors founded a decade ago"--
650 #0 - SUBJECT ADDED ENTRY--TOPICAL TERM
Topical term or geographic name as entry element Industrial productivity.
650 #0 - SUBJECT ADDED ENTRY--TOPICAL TERM
Topical term or geographic name as entry element Industrial management.
650 #0 - SUBJECT ADDED ENTRY--TOPICAL TERM
Topical term or geographic name as entry element Organizational change.
650 #0 - SUBJECT ADDED ENTRY--TOPICAL TERM
Topical term or geographic name as entry element International finance.
650 #7 - SUBJECT ADDED ENTRY--TOPICAL TERM
Topical term or geographic name as entry element BUSINESS & ECONOMICS / Industrial Management
Source of heading or term bisacsh
700 1# - ADDED ENTRY--PERSONAL NAME
Personal name Di Mauro, Filippo,
Relator term author.
776 08 - ADDITIONAL PHYSICAL FORM ENTRY
Relationship information Online version:
Main entry heading Altomonte, Carlo.
Title Economics of firm productivity
Place, publisher, and date of publication New York : Cambridge University Press, [2022]
International Standard Book Number 9781108774277
Record control number (DLC) 2021060131
906 ## - LOCAL DATA ELEMENT F, LDF (RLIN)
a 7
b cbc
c orignew
d 1
e ecip
f 20
g y-gencatlg
942 ## - ADDED ENTRY ELEMENTS (KOHA)
Source of classification or shelving scheme
Koha item type Hard Covered Materials
Classification part HD 56 .A4548 2022
Holdings
Withdrawn status Lost status Source of classification or shelving scheme Damaged status Not for loan Home library Current library Shelving location Date acquired Source of acquisition Total Checkouts Full call number Barcode Date last seen Price effective from Koha item type
          MACHAKOS UNIVERSITY LIBRARY MACHAKOS UNIVERSITY LIBRARY Open shelf 10/05/2023 Purchase - Falcon Books   HD 56 .A4548 2022 39376 30/05/2023 30/05/2023 Hard Covered Materials
© Machakos University Library, Along The Highway, Machakos Wote Rd, Machakos, Kenya P.O. Box 136 - 90100 Machakos - Kenya

Tel: ( +254 ) 723 805829 OR Fax : 044-20353 OR Email: library@mksu.ac.ke